| 000 | 00403nam a2200121Ia 4500 | ||
|---|---|---|---|
| 008 | 160609s9999 xx 000 0 und d | ||
| 100 | _aFranklin, Cynthia. | ||
| 245 | 4 | _aThe Church Leader's Counseling Resource Book | |
| 245 | _cBy:Cynthia Franklin, Rowena Fong | ||
| 260 | _c2015 | ||
| 650 | _xGUIDANCE & COUNSELING | ||
| 856 | _uhttp://file.ebook777.com/009/TheChuLeaCouResBooAGuiToMenHeaAndSocPro.pdf | ||
| 999 |
_c295927 _d295927 |
||